Science Year 1993 <The> World Book Annual Science Supplement. A Review of Science and Technology During the 1992 School Year
Guardado en:
| Formato: | Libro |
|---|---|
| Lenguaje: | inglés |
| Publicado: |
Chicago
World Book
1992
|
| Edición: | 1. ed. |
| Materias: | |
| Etiquetas: |
Sin Etiquetas, Sea el primero en etiquetar este registro!
|
MARC
| LEADER | 00000nam a2200000 4500 | ||
|---|---|---|---|
| 001 | c014402 | ||
| 005 | 20221214090530.7 | ||
| 020 | |a 0-7166-1193-7 | ||
| 041 | 0 | |a eng | |
| 044 | |a US | ||
| 245 | 1 | 0 | |a Science Year 1993 |b <The> World Book Annual Science Supplement. A Review of Science and Technology During the 1992 School Year |
| 250 | |a 1. ed. | ||
| 264 | 1 | |a Chicago |b World Book |c 1992 | |
| 300 | |a 400 s. | ||
| 610 | 2 | 0 | |a veda |
| 610 | 2 | 0 | |a technika |
| 610 | 2 | 0 | |a svet |